00523nam a22001577a 450000500170000001000140001702000250003103500130005603700130006908200110008210000210009324501070011426000770022127000460029830000210034420100813123626.0 aENG-99975 a9788172087678c25.00 aEN-83507 bDBAD/PUB a230.35 aKrystal, Phyllis aSuggestions for study group and individual use of the ceiling on desires program /cby Phyllis Krystal aAndhra PradeshbSri Sathya Sai Sadhana Trust Publications Divisonsc2009 aPrasanthi NilayambAndhra Pradeshe5151343 a32p.c22cm (pbk)